Islam ka Khandani Nizam (Urdu) (Record no. 13579)

000 -LEADER
fixed length control field 00353nam a22001457a 4500
020 ## - INTERNATIONAL STANDARD BOOK NUMBER
International Standard Book Number 9789698535155
082 ## - DEWEY DECIMAL CLASSIFICATION NUMBER
Classification number 297.577 AHM
100 ## - MAIN ENTRY--PERSONAL NAME
Personal name Ahmed Al Asaal
245 ## - TITLE STATEMENT
Title Islam ka Khandani Nizam (Urdu)
260 ## - PUBLICATION, DISTRIBUTION, ETC.
Place of publication, distribution, etc. Islamabad
Name of publisher, distributor, etc. NUST Publishing
Date of publication, distribution, etc. 2015
300 ## - PHYSICAL DESCRIPTION
Extent xvii, 452 p.
500 ## - GENERAL NOTE
General note Includes index
650 ## - SUBJECT ADDED ENTRY--TOPICAL TERM
Topical term or geographic name entry element 1. Islam and Family
942 ## - ADDED ENTRY ELEMENTS (KOHA)
Koha item type Book
Holdings
Withdrawn status Lost status Damaged status Not for loan Collection code Permanent Location Current Location Shelving location Date acquired Source of acquisition Cost, normal purchase price Total Checkouts Full call number Barcode Date last seen Date last checked out Price effective from Koha item type
          Central Library (CL) Central Library (CL) General Stacks 04/29/2016 Donation 700.00 1 297.577 AHM SEECSD01267 05/15/2016 05/15/2016 05/11/2016 Book
          Central Library (CL) Central Library (CL) General Stacks 04/29/2016 Donation 700.00   297.577 AHM SEECSD01268 05/11/2016   05/11/2016 Book
© 2023 Central Library, National University of Sciences and Technology. All Rights Reserved.